| 000 | 00910cac a22002655a 4500 | ||
|---|---|---|---|
| 005 | 20171112152603.0 | ||
| 008 | 171112t2001 nyua frb 001 0 eng d | ||
| 020 | _a0256136874 | ||
| 020 | _a9780256136876 | ||
| 040 |
_aEG-ScBUE _beng _cEG-ScBUE _dEG-ScBUE |
||
| 082 | 0 | 4 |
_a658.5 _bSTO _222 |
| 100 | 1 | _aStock, James R. | |
| 245 | 1 | 0 |
_aStrategic logistics management / _cJames R. Stock, Douglas M. Lambert. |
| 250 | _a4th ed. | ||
| 260 |
_aNew York : _bMcGraw-Hill / Irwin, _cc.2001. |
||
| 300 |
_axxix, 872 p. : _bill. ; _c27 cm. |
||
| 490 | 0 | _aThe McGraw-Hill/Irwin series in marketing | |
| 504 | _aIncludes bibliographical references and indexes. | ||
| 650 | 7 |
_aBusiness logistics. _2BUEsh _931004 |
|
| 650 | 7 |
_aPhysical distribution of goods _xManagement. _2BUEsh _931013 |
|
| 651 | _2BUEsh | ||
| 653 |
_bGGEN _cNovember2017 |
||
| 700 | 1 | _aLambert, Douglas M. | |
| 942 |
_cNB _k658.5S8642 _2ddc |
||
| 999 |
_c4580 _d4580 |
||